000 00475nam a2200145Ia 4500
041 _aArabic
082 _a345 cut-52 ع
100 _a20260118u\\\\\\\\\\\y0engy0103\\\\ba
100 _aفتحي محمد انور عزت
245 0 _aضوابط التدليل في الاحكام الجنائية دراسة قانونية وقضائية
250 _aط1
260 _bدار النهضة العربية
_aالقاهرة - مصر
_c2010
300 _a1189
942 _cBk
999 _c187615
_d187615